00596nam a2200193 a 4500008004100000020001500041050001500056100002200071245009900093250001200192260003900204300002300243350000900266650002700275650003400302650002000336650001900356700002700375120126s2007 ||||||||||||||||| || u a0070635811 aHG 173 Sau aSaunders, Anthony10aFinancial markets and institutions: an introduction to the risk management approach. (3rd ed.) a3rd ed. aNew Delhi:bTata McGraw-Hillc2007 axxiii, 721p.: ill. a0.00 aFINANCIAL INSTITUTIONS 0aFINANCE--DEVELOPING COUNTRIES 0aRISK MANAGEMENT aCAPITAL MARKET aCornett, Marcia Milion